000 00655nas a2200241 4500
001 BR9201036
003 BR-BrBNA
005 20231205092336.0
007 ta
008 230509b bl.|||p| |||| 00| 00por d
040 _aBR-BrBNA
_bpor
_cBiblioteca Nacional de Agricultura
041 _a(Pt)
072 _aL01
100 1 _aAnon.
245 1 _aLeite bom e produzido com higiene
650 _aLEITE
650 _aPRODUCAO LEITEIRA
650 _aHIGIENE DE ALIMENTO
650 _aPRATICO
773 0 _tCerrado (Brazil)
_xISSN 0100-0578
_g(Dec 1969), v. 2(6) p. 28-32
_wBR9201036
909 _a202311
_bLúcia
_c55
_dLúcia Elande
942 _2AGRIS
_n0
_cANA
999 _c131061
_d131061